|
|
|
|
| LEADER |
00000nam0a2200000 4500 |
| 001 |
261835 |
| 005 |
20231101233611.0 |
| 010 |
|
|
|a 5286000177
|
| 020 |
|
|
|a RU
|b 88-49025
|
| 035 |
|
|
|a (RuTPU)RU\TPU\book\284816
|
| 090 |
|
|
|a 261835
|
| 100 |
|
|
|a 20140527d1988 k a0rusy5003 ca
|
| 101 |
0 |
|
|a rus
|
| 102 |
|
|
|a RU
|
| 105 |
|
|
|a a z 001zy
|
| 200 |
1 |
|
|a Математическое моделирование процессов формирования стока: опыт критического анализа
|f Ю. Б. Виноградов
|
| 210 |
|
|
|a Ленинград
|c Гидрометеоиздат
|d 1988
|
| 215 |
|
|
|a 312 с.
|c ил.
|
| 320 |
|
|
|a Библиогр.: с. 292-306 (384 назв.)
|
| 320 |
|
|
|a Предм. указ.: с. 307-308
|
| 606 |
1 |
|
|a Речной сток
|x Формирование
|2 stltpush
|3 (RuTPU)RU\TPU\subj\25186
|9 49404
|
| 610 |
1 |
|
|a математическое моделирование
|
| 610 |
1 |
|
|a гидрология
|
| 610 |
1 |
|
|a теплофизические характеристики
|
| 610 |
1 |
|
|a снежный покров
|
| 610 |
1 |
|
|a почва
|
| 610 |
1 |
|
|a речной бассейн
|
| 610 |
1 |
|
|a стохастические модели
|
| 610 |
1 |
|
|a ландшафты
|
| 675 |
|
|
|a 556.166
|z rus
|v 3
|
| 700 |
|
1 |
|a Виноградов
|b Ю. Б.
|g Юрий Борисович
|4 070
|
| 801 |
|
0 |
|a RU
|b RuMRKP
|c 19950417
|g psbo
|
| 801 |
|
1 |
|a RU
|b 63413507
|c 20140527
|
| 801 |
|
2 |
|a RU
|b 63413507
|c 20160614
|g RCR
|
| 942 |
|
|
|c BK
|